| 000 | 00672cam a2200253 4500 | ||
|---|---|---|---|
| 001 | ABS68322 | ||
| 008 | 041029n2004 000 0 eng u | ||
| 035 | _a(Sirsi) u127878 | ||
| 245 | _aRegional survey: Scotland | ||
| 260 | _c2004 | ||
| 490 |
_aProperty Week _v69(42) 15 October 2004, 75-108(15) |
||
| 590 | _aABS | ||
| 590 | _aABS | ||
| 650 | _aSCOTLAND | ||
| 650 | _aEDINBURGH | ||
| 650 | _aGLASGOW | ||
| 650 | _aABERDEEN | ||
| 650 | _aOFFICE MARKET | ||
| 650 | _aINDUSTRIAL MARKET | ||
| 650 | _aPROPERTY-COMMERCIAL PROPERTY-RETAIL PROPERTY-RETAIL PROPERTY MARKET | ||
| 650 | _aLEISURE MARKET | ||
| 690 | _aCOMMERCIAL PROPERTY-MARKET | ||
| 942 | _n0 | ||
| 999 |
_c118257 _d118257 |
||